Countries That Border Afghanistan - Statistics

General Stats
  • This quiz has been taken 10 times
  • The average score is 6 of 6
Answer Stats
Length Country % Correct
921 km Iran
100%
2640 km Pakistan
100%
1357 km Tajikistan
100%
804 km Turkmenistan
90%
144 km Uzbekistan
90%
76 km China
70%
No matching quizzes found
Score Distribution
Percent of People with Each Score
Percentile by Number Answered
Your Score History
You have not taken this quiz